Company law

Bibliographic Details
Main Author: Bourne, Nicholas
Format: Book
Published: London : Cavendish Publishers Ltd. , 1993
Subjects:

MARC

LEADER 00000cam a2200000 7i4500
001 0000009550
002 000010406
005 20040426.0
020 |a 1859411649 
090 0 0 |a 344.106661   |b BOU 
100 1 |a Bourne, Nicholas   |f Prof 
245 1 0 |a Company law   |c Prof.Nicholas Bourne 
260 |a London :   |b Cavendish Publishers Ltd. ,   |c 1993 
300 |a 289p. ;   |c 24cm. 
650 0 0 |a Coporation law 
999 |a 047540   |b BUKU   |c PINJAMAN   |e PERPUSTAKAAN KOMUNITI PETALING JAYA